01098cam a22002654a 45000010009000000050017000090080041000260100017000670200018000840350024001020400041001260420014001670500021001810820020002021300048002222450030002702600045003003000027003455000020003725200207003926300038005996500023006378560091006608560081007511484541320230731130459.0070510s2007 miu 001 0 eng d a 2007928659 a9780310938101 a(OCoLC)ocn153578600 aYDXCPcYDXCPdBTCTAdBAKERdORXdDLC alccopycat00aBS 195 .N37 200704a220.5/208142220 aBible.lEnglish.sNew International.f2007.10aCelebrate recovery Bible. aGrand Rapids, Mich. :bZondervan,cc2007 axli, 1684 p. ;c24 cm. aIncludes index. aWith features based on eight principles which Jesus voiced in his Sermon on the Mount, this Bible is for those struggling with the circumstances of their lives and the habits they are trying to control.00aSermon on the mountvMeditations. 0aRecovery movement.423Publisher descriptionuhttp://www.loc.gov/catdir/enhancements/fy0905/2007928659-d.html413Sample textuhttp://www.loc.gov/catdir/enhancements/fy1101/2007928659-s.html